000 00692nam a22002537a 4500
003 UA-OsUOA
001 21687
007 ta
008 20031212b un ||||| |||| 00| 0 ukr d
100 _aОнищенко Н.Н.
090 _a34
_bО-58
942 _cBK
040 _aUA-OsUOA
_brus
_cUA-OsUOA
_dUA-OsUOA
245 _aСтановление и развитие источников советского права на Украине
_cРед. Н.И.Козюбра
300 _a112 с.
955 _a0
041 _arus
080 _a34
020 _a5-12-000411-3
260 _aКиев
_bНаукова думка
_c1988
044 _aUA
650 7 _2UDC
999 _c307894
_d307894